Klicke auf den richtigen Kontinent - Statistiken

Allgemein
  • Dieses Quiz wurde 21.985 mal gespielt
  • Das Durchschnittsergebnis liegt bei 11 aus 20
Antwortstatistiken
Hint Antwort % Korrekt
Bevölkerungsreichster Kontinent 3. Asien
92%
Hier liegt Moskau 5. Europa
74%
Meiste Tornados 6. Nordamerika
70%
Hier wurde Basketball erfunden 6. Nordamerika
69%
Flächenmäßig größter Kontinent 3. Asien
68%
Hat die meisten Beuteltierarten 4. Australien
67%
Die meisten Marathonläufer der Top 100 weltweit wurden hier geboren 1. Afrika
63%
Wärmster Kontinent nach Durchschnittstemperatur 1. Afrika
61%
Costa Rica liegt hier 6. Nordamerika
54%
Jüngstes Medianalter der Einwohner 1. Afrika
53%
Hat mehr Schafe als Einwohner 4. Australien
50%
Ältestes Medianalter der Einwohner 5. Europa
49%
Größte Fläche, die mit Seen bedeckt ist 6. Nordamerika
45%
Hat genau 2 Binnenländer 7. Südamerika
45%
Höchste durchschnittliche Windgeschwindigkeit 2. Antarktis
42%
Hier kommen Kartoffeln ursprünglich her 7. Südamerika
41%
Größter Umfang der wirtschaftlichen Produktion 3. Asien
33%
Hat die meisten Vogelarten 7. Südamerika
33%
Geringste Niederschläge 2. Antarktis
27%
Am häufigsten Gold bei den Olympischen Spielen gewonnen 5. Europa
24%
Keine übereinstimmenden Quizze gefunden
Verteilung der Resultate
Anzahl Personen mit jedem Resultat
Perzentil nach korrekt beantworteten Fragen
Ihre Resultats-Entwicklung
Sie haben dieses Quiz noch nicht gespielt